000 00516nam a22001817a 4500
005 20251108163347.0
008 250721s1996 xx 000 0 ara d
082 1 4 _a001.64/زيا
100 1 _aالقاضي، زياد
245 1 0 _aمدخل إلى علم الحاسوب /
250 _aطبعه مزيده ومنقحه
264 1 _aعمان :
_bدار صفاء،
_c1996.
300 _a218ص.
650 1 7 _aالحواسيب
700 1 _aالبشيتي، عبد الرحيم
942 _2ddc
_cBK
999 _c718
_d718